000 01366cam a2200157 4500500
005 20260322003611.0
041 _afre
042 _adc
100 1 0 _aJan, Malo
_eauthor
245 0 0 _aLa oposición a las políticas climáticas como estrategia electoral
260 _c2026.
500 _a54
520 _aAunque la hostilidad en línea hacia las y los representantes electos suscita una preocupación creciente, nuestro conocimiento empírico sobre su naturaleza y alcance sigue siendo limitado. Este estudio analiza la violencia en línea dirigida a las y los diputados franceses en Twitter (X), a partir de 4,5 millones de tuits publicados entre 2022 y 2023. Tres modelos de clasificación diseñados específicamente para este fin distinguen entre ataques personales, críticas políticas y mensajes de apoyo. Los resultados muestran que, si bien la mayoría sufre pocos ataques personales, un pequeño grupo muy visible concentra una intensa hostilidad. La visibilidad en línea y ciertas afiliaciones partidistas son los principales factores determinantes, mientras que el género influye sobre todo en la forma de los ataques.
786 0 _nRevue française de science politique | 75 | 3 | 2026-02-05 | p. I-VIII | 0035-2950
856 4 1 _uhttps://shs.cairn.info/revista-revue-francaise-de-science-politique-2025-3-page-I?lang=es&redirect-ssocas=7080
999 _c1733404
_d1733404